01141nab a2200301 uc450000100070000000500170000700800410002403500110006503500210007604000130009704100080011010000320011824501780015065000560032865000200038465000130040465000170041765000180043465000150045265000340046765000260050165000370052770000290056470000510059370000380064470000300068277301270071283636920240201190147.0030806e20020801 spa  a836369 a(OCoLC)820071484 ccomduadb aspa10aQuintero, Juliana4auteaut10aSistema de vigilancia centinela sobre enfermedades febriles transmitidas por vectores, con enfasis en fiebre amarilla, dengue y malaria en el Departamento de Guaviare, 2001. aSistema de Vigilancia en Salud Pública (Sivigila) aFiebre amarilla aVectores 7aDengue2lemb 7aMalaria2lemb aPlasmodium aEntomologia - Investigaciones aMunicipios centinelas aHospital San José del Guaviare10aGarcia, Ingrid4auteaut10aVelandia González, Martha Patricia4auteaut10aBernal, Maria del Pilar4auteaut10aCedeño, Diana4auteaut0 tInforme Quincenal Epidemiológico Nacional (Bogotá)gVol. 07, No. 16, Ago. 2002, p. 277- 284w325053x0122-99070104620